000 00614nam a2200217 a 4500
008
049 _aMAIN
090 _aTJ265
_bTHU
100 1 _aThurlow, G.
245 1 0 _aEngineering Thermodynamics /
_cG. Thurlow and A.B. Lee
260 _aLondon :
_bEnglish universities press ltd,
_c1964.
300 _ax, 342 p. :
_bill. ;
_c22 cm.
500 _aIncludes index.
650 1 _aEngineering thermodynamics.
700 _aLee, A.B.
907 _a.b10273414
_b29-05-13
_c18-02-10
003
005 20230123125010.0
040 _cNUST
942 _cBOOKS
_kTJ265
_mTHU
999 _c133947
_d133947